| 000 | 00529nam a22002171i 4500 | ||
|---|---|---|---|
| 001 | bimo0000636512 | ||
| 003 | OSt | ||
| 005 | 20160330164011.0 | ||
| 008 | 900725s1976 sp spa | ||
| 020 | _a84-239-0036-3 | ||
| 035 | _a(OCoLC)431976691 | ||
| 040 | _cBMC | ||
| 082 | _a864.56 | ||
| 100 | 0 | 0 |
_925 _aAzorín _d1873-1967 |
| 245 | 1 | 0 |
_aLecturas españolas _cAzorín |
| 250 | _a11ª ed | ||
| 260 | 0 |
_aMadrid _bEspasa-Calpe _c1976 |
|
| 300 |
_a146 p. _c18 cm |
||
| 490 | 0 |
_aAustral _v36 |
|
| 942 |
_2ddc _cBK _hprozim |
||
| 999 |
_c32 _d32 |
||